01334aam a2200373 a 4500001001000000003000400010005001700014008004100031020002500072020002200097020002500119020002500144020002500169040003000194082001900224100003000243245009600273250001200369260006400381300004300445490002500488500002700513500002400540504002700564650003100591650002600622653002200648655002400670690004400694700003700738942001900775999001700794952014900811015752812OSt20140326095038.0101228t2011 xxuad frbd 001 0 eng d a9780470635605 (hbk.) a0470635606 (hbk.) z9781118064184 (ebk.) z9781118064191 (ebk.) z9781118064207 (ebk.) aStDuBDSbengcStDuBDSdUk04a657.3222bFRI1 aFridson, Martin S.93578210aFinancial statement analysis :ba practitioner's guide /cMartin Fridson, Fernando Alvarez. a4th ed. aHoboken, United States :bJohn Wiley & Sons, Inc.,cc.2011. axv, 378 p. :bcharts, tables ;c24 cm.0 aWiley finance ;v597 aGlossary : p. 353-366. aIndex : p. 371-378. aBibliography : p. 367. 0aFinancial statements94982 0aRatio analysis935783 bBUSADMcMarch2014 vreading book9342327 aManagement and Business Studies2blcoll1 aAlvarez, Fernando,d1964-935784 2ddck657.3 FRI c18171d18143 00102ddc40708BaccahaMAINbMAINc1STd2014-03-26epurchaseg480.00l2m20o657.3 FRIp000035805r2026-03-30 00:00:00s2021-03-13v600.00yBB